| 000 | 00625nam a2200181 i 4500 | ||
|---|---|---|---|
| 001 | 98197 | ||
| 003 | ES-MaACL | ||
| 005 | 20230906182231.0 | ||
| 007 | t| | ||
| 008 | 050726s1963 sp ||||1| spa d | ||
| 100 | 1 |
_aMarrero Rodríguez, Manuela. _977075 |
|
| 245 | 1 | 3 |
_aEl prebendado don Antonio Pereira Pacheco / _cManuela Marrero Rodríguez, Emma González Yanes. |
| 260 |
_aLa Laguna de Tenerife : _bInstituto de Estudios Canarios, _c1963. |
||
| 300 |
_a203 p., 14 lám. ; _c22 cm. |
||
| 700 | 1 |
_aGonzález Yanes, Emma. _959045 |
|
| 710 | 2 |
_aInstituto de Estudios Canarios. _94891 |
|
| 852 |
_aES-MaACL _jC-23478 _bR.52025 |
||
| 999 |
_c98197 _d98197 |
||